Právne aspekty bezletových zón

Právna úprava bezletových zón používaných ako súčasť humanitárnych intervencií, ich vývoj v posledných desaťročiach vo svete. Legálnosť zriadenia a vynucovania bezletových zón na príkladoch bosnianskej, irackej, líbyjskej bezletovej zóny. Analýza ich hodnoty ako právneho modelu pre budúce snahy o be...

ver descrição completa

Na minha lista:
Detalhes bibliográficos
Autor principal: Klenka, Michal
Formato: Capítulo de Livro
Idioma:inglês
Assuntos:
Tags: Adicionar Tag
Sem tags, seja o primeiro a adicionar uma tag!

MARC

LEADER 00000nla a2200000 4500
001 0228962
005 20240502073754.6
041 0 |a eng 
044 |a SK 
245 1 0 |a Právne aspekty bezletových zón  |c Michal Klenka 
520 |a Právna úprava bezletových zón používaných ako súčasť humanitárnych intervencií, ich vývoj v posledných desaťročiach vo svete. Legálnosť zriadenia a vynucovania bezletových zón na príkladoch bosnianskej, irackej, líbyjskej bezletovej zóny. Analýza ich hodnoty ako právneho modelu pre budúce snahy o bezletovú zónu v Sýrii. 
610 2 0 |a právo medzinárodné 
610 2 0 |a konflikty 
610 2 0 |a regióny 
610 2 0 |a pomoc humanitárna 
610 2 0 |a politika medzinárodná 
610 2 0 |a bezpečnosť medzinárodná 
610 2 0 |a lietadlá 
100 1 |a Klenka, Michal